| 000 | 00523cam a2200181ua 4500 | ||
|---|---|---|---|
| 041 |
_aeng _h |
||
| 082 |
_a371.4 _bSEG/AN |
||
| 100 | _aSegel, David . | ||
| 245 |
_aApproach to individual analysis in educational and vocational guidance / _cDavid segel. _hTextual Documents |
||
| 250 |
_a1 / _b. |
||
| 260 |
_a : _bU S Department of health education and welfare , _c1958. |
||
| 300 | _a39 ; . | ||
| 504 | _a | ||
| 700 | 1 | _aHamilton, Allen T . | |
| 700 | 1 | _aWellman, Frank E . | |
| 942 | _cBK | ||
| 999 |
_c11431 _d11431 |
||